[Event "Gornozavodsk op"]
[Site "Gornozavodsk"]
[Date "2010.11.05"]
[Round "6"]
[White "Shtol, Igor"]
[Black "Ivanov, Nikolay A"]
[Result "1/2-1/2"]
[WhiteElo "2115"]
[BlackElo "1978"]
[PlyCount "32"]
[EventDate "2010.11.01"]
[EventType "swiss"]
[EventRounds "10"]
[EventCountry "RUS"]
[SourceTitle "EXT 2012"]
[Source "ChessBase"]
[SourceDate "2011.11.24"]
[SourceVersion "1"]
[SourceVersionDate "2011.11.24"]
[SourceQuality "1"]

1. e4 c5 2. Nf3 Nc6 3. d4 cxd4 4. Nxd4 Nf6 5. Nc3 e6 6. Bf4 Bb4 7. Qd3 d5 8. e5 Ne4 9. Nxc6 bxc6 10. f3 Nxc3 11. bxc3 Bc5 12. Be3 Bxe3 13. Qxe3 a5 14. Be2 Ba6 15. Bxa6 Rxa6 16. Kf2 0-0 1/2-1/2

[Event "Gornozavodsk op"]
[Site "Gornozavodsk"]
[Date "2010.11.02"]
[Round "3"]
[White "Pershina, Elena"]
[Black "Shtol, Igor"]
[Result "1/2-1/2"]
[WhiteElo "1993"]
[BlackElo "2115"]
[PlyCount "80"]
[EventDate "2010.11.01"]
[EventType "swiss"]
[EventRounds "10"]
[EventCountry "RUS"]
[SourceTitle "EXT 2012"]
[Source "ChessBase"]
[SourceDate "2011.11.24"]
[SourceVersion "1"]
[SourceVersionDate "2011.11.24"]
[SourceQuality "1"]

1. c4 Nf6 2. Nc3 d5 3. cxd5 Nxd5 4. Nf3 g6 5. e4 Nxc3 6. dxc3 Qxd1+ 7. Kxd1 Nc6 8. Kc2 Bg7 9. Be3 0-0 10. h4 h6 11. Be2 Bg4 12. Bf4 e5 13. Be3 Rfd8 14. Rhd1 a6 15. Ng1 Be6 16. Rxd8+ Rxd8 17. Bd3 Na5 18. b3 b5 19. Nf3 f5 20. Nd2 Nb7 21. f3 f4 22. Bf2 Bf8 23. a4 Bc5 24. Be1 Be3 25. axb5 Bxd2 26. Bxd2 axb5 27. Bxb5 Bxb3+ 28. Kxb3 Rxd2 29. Bc4+ Kf8 30. Bd5 Nd6 31. Ra8+ Ke7 32. Rh8 Rxg2 33. Rxh6 Rg3 34. h5 Rxf3 35. Rxg6 Rh3 36. Re6+ Kf8 37. Rxe5 f3 38. Re6 Rxh5 39. Rf6+ Ke7 40. Rxf3 Re5 1/2-1/2

[Event "Gornozavodsk op"]
[Site "Gornozavodsk"]
[Date "2010.11.01"]
[Round "1"]
[White "Terskiy, Sergey"]
[Black "Shtol, Igor"]
[Result "1/2-1/2"]
[WhiteElo "1535"]
[BlackElo "2115"]
[PlyCount "43"]
[EventDate "2010.11.01"]
[EventType "swiss"]
[EventRounds "10"]
[EventCountry "RUS"]
[SourceTitle "EXT 2012"]
[Source "ChessBase"]
[SourceDate "2011.11.24"]
[SourceVersion "1"]
[SourceVersionDate "2011.11.24"]
[SourceQuality "1"]

1. e4 c5 2. Nf3 d6 3. Nc3 Nc6 4. h3 Nf6 5. Bc4 e6 6. d4 cxd4 7. Nxd4 Bd7 8. 0-0 a6 9. Bg5 Be7 10. a3 0-0 11. b4 b5 12. Bb3 Qc7 13. Nf3 Nxb4 14. axb4 Qxc3 15. e5 dxe5 16. Bxf6 Bxf6 17. Qxd7 e4 18. Nh2 Rfd8 19. Qb7 Qxb4 20. Rxa6 Rab8 21. Qc6 Rbc8 22. Qb7 1/2-1/2